000 00980nam a22002057a 4500
005 2012070205495.0
020 _c299.00
_a9788174824578
100 _aशरण, जगदीश
_949849
245 _aउपकार यू.जी.सी.नेट/जे.आर.एफ./सेट;हिन्दी/
_b(द्वितीय एवं तृतीय प्रश्न-पत्र)
_cजगदीश शरण
250 _aसंशो.एवं परि.संस्क.
260 _aआगरा
_bउपकार प्रकाशन
270 _a2/11 ए, स्वदेशी बीमा नगर(शाह सिनेमा के सामने)
_e282002
_k2530966
_bआगरा
300 _a460 पृ.
_c24सेंमीं (अजिल्द)
490 _a
_949850
700 _949816
710 _949817
942 _2ddc
_cHN
_mशरण
999 _c68315
_d68315